| 000 | 01016cam a22001814a 4500 | ||
|---|---|---|---|
| 005 | 20250605164207.0 | ||
| 008 | 250528s ||||||||||||||||||||||||d | ||
| 035 | _a20096 | ||
| 040 |
_aGR-AtMCL _bgre _dGR-AtMCL _eAACR2 |
||
| 245 | 1 | _aΝηπιαγωγική / Συστήματα και Μέθοδοι - Σύγχρονες Τάσεις και Κατευθύνσεις | |
| 260 |
_bΑδελφοί Βλάσση, _c1977 |
||
| 300 | _a408 | ||
| 520 | _aΠρόλογος, Εισαγωγή, Θεωρητικοί της Προσχολικής Αγωγής, Friedrich Froebel, Maria Montessori, Αισθητηριακή Αγωγή, Αδελφοί Agazzi, Οβίδιος Decroly, E. Claparede, Οπαδοί της Νέας Αγωγής, Η Οργάνωση της Προσχολικής Αγωγής στην Ελλάδα, Σύγχρονες Τάσεις της Προσχολικής Αγωγής. | ||
| 700 | 1 |
_aΚυριαζοπούλου Βαληνάκη Π _96138 |
|
| 942 | _cBK | ||
| 999 |
_c5235 _d5235 |
||